000 00224nam a22000857a 4500
008 160914b xxu||||| |||| 00| 0 eng d
100 _9441
_aSarna. V.K
245 _aSee Mathematics- IX
260 _aNew Delhi
_bA.P Publications
_c2011
999 _c3100
_d3100